| 000 | 00664nam a2200241Ia 4500 | ||
|---|---|---|---|
| 003 | OSt | ||
| 005 | 20250901185701.0 | ||
| 008 | 210423s2012 xx 000 0 und d | ||
| 020 | _a978-81-7829-926-6 | ||
| 040 | _cAL | ||
| 041 | _aEnglish | ||
| 082 |
_a330.954 _bSINR |
||
| 100 |
_aKatar Singh _9111994 |
||
| 245 |
_aRural development _b: principles policies and management |
||
| 250 | _a3 | ||
| 260 |
_aNew Delhi _bSage Publications _c2012 |
||
| 300 |
_axx,348 _bPB |
||
| 365 |
_b395 _cINR |
||
| 650 |
_aEconomics _9111995 |
||
| 650 |
_aEconomics _9111995 |
||
| 906 | _adevelopment: ; Ed ; management ; policies ; principles ; Rural | ||
| 942 |
_2ddc _cBK |
||
| 999 |
_c165361 _d165361 |
||